Η εκκλησία από την Κατοχή στον Εμφύλιο

Αποθηκεύτηκε σε:
Λεπτομέρειες βιβλιογραφικής εγγραφής
Κύριος συγγραφέας: Καραγιάννης, Γιώργος Ν. 1951-
Άλλοι συγγραφείς: Σιδεράτος, Άγγελος (Επιμελητής έκδοσης)
Μορφή: Βιβλίο
Γλώσσα:Greek
Δημοσίευση: Αθήνα : Προσκήνιο, c2001.
Σειρά:Πολιτική και εκκλησία
Θέματα:
Ετικέτες: Προσθήκη ετικέτας
Δεν υπάρχουν, Καταχωρήστε ετικέτα πρώτοι!

MARC

LEADER 00000nam a2200000 a 4500
001 1/127747
008 231124s2001####gr | ||| |||| ||gre||
020 |a 9607057759 
040 |a GR-MyUa  |b gre  |c GR-MyUa  |e AACR2 
041 0 |a gre 
082 7 |a 938.76   |2 (23) 
100 1 |a Καραγιάννης, Γιώργος Ν.   |d 1951- 
245 1 2 |a Η εκκλησία από την Κατοχή στον Εμφύλιο /   |c Γιώργος Ν. Καραγιάννης ; επιμέλεια έκδοσης Άγγελος Σιδεράτος.  
260 |a Αθήνα :   |b Προσκήνιο,   |c c2001.  
300 |a 375 σ. :   |b εικ. ;   |c 24 εκ.  
490 1 |a (Εκκλησία και πολιτική)  
650 0 |a Church and state  |z Greece. 
651 0 |a Greece  |x History  |y Occupation, 1941-1944. 
651 0 |a Greece  |x History  |y Civil War, 1944-1949. 
700 1 |a Σιδεράτος, Άγγελος,  |e edt 
830 0 |a Πολιτική και εκκλησία 
852 |a INST  |b LESVOS  |e 20231124  |h 938.76 ΚΑΡ  |p 005100065623  |q 005100065623  |t BK  |y 0 
970 |a Καμάτσου  |b Δέσποινα  |z 24-11-2023